Capitals of the Mediterranean - Two Minute Rush - Statistics

General Stats
  • This quiz has been taken 20 times
    14 since last reset
  • The average score is 19 of 22
Answer Stats
Continent Answer % Correct
Europe Ljubljana
100%
Europe Nicosia
100%
Europe Paris
100%
Europe Rome
100%
Africa Tunis
100%
Europe Zagreb
100%
Africa Algiers
93%
Europe Athens
93%
Africa Cairo
93%
Europe Madrid
93%
Europe Monaco
93%
Europe Podgorica
93%
Europe Tirana
93%
Europe Valletta
93%
Asia Ankara
86%
Europe Sarajevo
86%
Africa Tripoli
86%
Asia Damascus
79%
Africa Rabat
79%
Asia Tel Aviv / Jerusalem
79%
Asia Beirut
71%
Europe London
14%
No matching quizzes found
Score Distribution
Percent of People with Each Score
Percentile by Number Answered
Your Score History
You have not taken this quiz since the last reset